00862nam a2200229 a 4500001001000000003000500010005001700015008004100032010001100073011001100084040000900095100002500104245014500129260004100274500006000315502007500375650002600450650002500476650003300501700002800534856007000562000113659CHAP20220329144406.0170905s2017 mx a fsm |||||||spa d a110120 a111092 cCHAP1 aReyes Cruz, Epifanio10aAlturas de corte de muestras para estimar consumo de forrajes en pastoreo /h[En línea]cpor Gabriel Maya Ramírez y Epifanio Reyes Cruz. aChapingo, Méx. :bEl autor,c2017. aPara ver el contenido del material haga clic en la liga aTesis (Ing. Agr. Esp. en Zootecnia) -- UACH. Departamento de Zootecnia14aForrajesxAnálisis.14aPastosxRendimiento.14aPlantas forrajerasxConsumo.1 aMaya Ramírez, Gabriel aFinding aiduhttp://10.13.5.2/tesis/sist113659.pdfzTeclea aquí